| 000 | 00646nam a2200205Ia 4500 | ||
|---|---|---|---|
| 003 | GCL | ||
| 008 | 140319s9999 xx 000 0 ara d | ||
| 040 |
_aGCL / _cGCL |
||
| 082 | 0 | 4 |
_a144.5 _bط ت |
| 100 | 1 | _aطه عبدالرحمن | |
| 245 | 1 | 0 |
_aتجديد المنهج فى تقويم التراث / _cطه عبدالرحمن |
| 300 | _a432 ص | ||
| 490 |
_aالهيئة العامة للاستعلامات _v0 |
||
| 650 | 0 | 4 | _aالفلسفة الاسلامية |
| 650 | 0 | 4 | _aالفلسفة |
| 650 | 0 | 4 | _aالفلسفة - تاريخ |
| 650 | 0 | 4 | _aالفلسفة - مذاهب |
| 650 | 0 | 4 | _aالاخلاق - فلسفة |
| 942 |
_2ddc _cBK |
||
| 999 |
_c49234 _d49234 |
||